History Quiz

Random History or Famous Quiz

Famous Quotes About 'H' Quiz Stats

 Plays Quiz Updated Dec 12, 2014

Challenge
Share
Tweet
Embed
Score 0/28 Timer 08:00
4 Plays Today
% Correct
Honesty
96.5%
Hate
96.4%
Heart
92.8%
Hell
92.4%
Hurt
92%
Hereditary
91.5%
History
91%
Harmony
90.8%
Hourglass
90.8%
Hockey
90.8%
Hill
90.7%
Humble
90.4%
Husband
90.2%
Hypochondriac
90%
% Correct
Hammer
89.9%
Hidden
87.8%
Happiness
87.7%
Humor
87%
Home
84.2%
How
82.8%
Heaven
80%
Hypocrisy
77.3%
Hope
77.1%
Humility
76%
Halo
67.7%
Habituation
62.2%
Health
52.2%
Hydrogen
47.6%

You're not logged in!

Compare scores with friends on all Sporcle quizzes.
OR
Log In

You Might Also Like...

Show Comments

Extras

Top Quizzes Today


Score Distribution

Your Account Isn't Verified!

In order to create a playlist on Sporcle, you need to verify the email address you used during registration. Go to your Sporcle Settings to finish the process.

Report this User

Report this user for behavior that violates our Community Guidelines.

Details: